<?xml version="1.0" encoding="UTF-8"?><?xml-stylesheet type="text/xsl" href="static/style.xsl"?><OAI-PMH xmlns="http://www.openarchives.org/OAI/2.0/" xmlns:xsi="http://www.w3.org/2001/XMLSchema-instance" xsi:schemaLocation="http://www.openarchives.org/OAI/2.0/ http://www.openarchives.org/OAI/2.0/OAI-PMH.xsd"><responseDate>2026-04-17T23:00:08Z</responseDate><request verb="GetRecord" identifier="oai:www.recercat.cat:20.500.12327/3080" metadataPrefix="marc">https://recercat.cat/oai/request</request><GetRecord><record><header><identifier>oai:recercat.cat:20.500.12327/3080</identifier><datestamp>2025-10-22T11:01:35Z</datestamp><setSpec>com_2072_4428</setSpec><setSpec>com_2072_4427</setSpec><setSpec>col_2072_487898</setSpec></header><metadata><record xmlns="http://www.loc.gov/MARC21/slim" xmlns:dcterms="http://purl.org/dc/terms/" xmlns:xsi="http://www.w3.org/2001/XMLSchema-instance" xmlns:doc="http://www.lyncode.com/xoai" xsi:schemaLocation="http://www.loc.gov/MARC21/slim http://www.loc.gov/standards/marcxml/schema/MARC21slim.xsd">
   <leader>00925njm 22002777a 4500</leader>
   <datafield ind2=" " ind1=" " tag="042">
      <subfield code="a">dc</subfield>
   </datafield>
   <datafield ind2=" " ind1=" " tag="720">
      <subfield code="a">Andolfi, Anna</subfield>
      <subfield code="e">author</subfield>
   </datafield>
   <datafield ind2=" " ind1=" " tag="720">
      <subfield code="a">Mugnai, Laura</subfield>
      <subfield code="e">author</subfield>
   </datafield>
   <datafield ind2=" " ind1=" " tag="720">
      <subfield code="a">Luque, Jordi</subfield>
      <subfield code="e">author</subfield>
   </datafield>
   <datafield ind2=" " ind1=" " tag="720">
      <subfield code="a">Surico, Giuseppe</subfield>
      <subfield code="e">author</subfield>
   </datafield>
   <datafield ind2=" " ind1=" " tag="720">
      <subfield code="a">Cimmino, Alessio</subfield>
      <subfield code="e">author</subfield>
   </datafield>
   <datafield ind2=" " ind1=" " tag="720">
      <subfield code="a">Evidente, Antonio</subfield>
      <subfield code="e">author</subfield>
   </datafield>
   <datafield ind2=" " ind1=" " tag="260">
      <subfield code="c">2011-12-20</subfield>
   </datafield>
   <datafield ind2=" " ind1=" " tag="520">
      <subfield code="a">Up to 60 species of fungi in the Botryosphaeriaceae family, genera Cadophora,&#xd;
Cryptovalsa, Cylindrocarpon, Diatrype, Diatrypella, Eutypa, Eutypella, Fomitiporella,&#xd;
Fomitiporia, Inocutis, Phaeoacremonium and Phaeomoniella have been isolated from&#xd;
decline-affected grapevines all around the World. The main grapevine trunk diseases of&#xd;
mature vines are Eutypa dieback, the esca complex and cankers caused by the&#xd;
Botryospheriaceae, while in young vines the main diseases are Petri and black foot&#xd;
diseases. To understand the mechanism of these decline-associated diseases and the&#xd;
symptoms associated with them, the toxins produced by the pathogens involved in these&#xd;
diseases were isolated and characterised chemically and biologically. So far the toxins of&#xd;
only a small number of these decline fungi have been studied. This paper presents an&#xd;
overview of the toxins produced by the most serious of these vine wood pathogens: Eutypa&#xd;
lata, Phaeomoniella chlamydospora, Phaeoacremonium aleophilum and some taxa in the&#xd;
Botryosphaeriaceae family, and examines how these toxins produce decline symptoms.&#xd;
The chemical structure of these metabolites and in some cases their vivotoxin nature are&#xd;
also discussed.</subfield>
   </datafield>
   <datafield ind1="8" ind2=" " tag="024">
      <subfield code="a">Andolfi, Anna, Laura Mugnai, Jordi Luque, Giuseppe Surico, Alessio Cimmino, and Antonio Evidente. 2011. «Phytotoxins Produced By Fungi Associated With Grapevine Trunk Diseases». Toxins 3 (12): 1569-1605. doi: 10.3390/toxins3121569</subfield>
   </datafield>
   <datafield ind1="8" ind2=" " tag="024">
      <subfield code="a">2072-6651</subfield>
   </datafield>
   <datafield ind1="8" ind2=" " tag="024">
      <subfield code="a">http://hdl.handle.net/20.500.12327/3080</subfield>
   </datafield>
   <datafield ind1="8" ind2=" " tag="024">
      <subfield code="a">https://doi.org/10.3390/toxins3121569</subfield>
   </datafield>
   <datafield ind2="0" ind1="0" tag="245">
      <subfield code="a">Phytotoxins Produced by Fungi Associated with Grapevine Trunk Diseases</subfield>
   </datafield>
</record></metadata></record></GetRecord></OAI-PMH>